Catálogo de carreras de licenciatura en universidades e institutos tecnológicos.

Gardado en:
Detalles Bibliográficos
Autor Corporativo: Asociación Nacional de Universidades e Instituciones de Enseñanza Superior (ANUIES)
Formato: Libro
Idioma:Lingua castelá
Temas:
Etiquetas: Engadir etiqueta
Sen Etiquetas, Sexa o primeiro en etiquetar este rexistro!

MARC

LEADER 00000nam^a2200000^u^4500
001 000495453
005 20250521000000.0
008 121205s1000^^^^^^^^^^^^r^^^^^000^0^eng^d
009 20260310125550.029
022 |a 970704067X 
035 |a FCE 000038857 
037 |a Acervo ITESO - Biblioteca 
041 |a spa 
082 0 4 |a 378.72  |b ANUIES 2004. 
110 |a Asociación Nacional de Universidades e Instituciones de Enseñanza Superior (ANUIES) 
245 1 0 |a Catálogo de carreras de licenciatura en universidades e institutos tecnológicos. 
264 |a México :  |b ANUIES,  |c 2004. 
300 |a 184 p. 
336 |a texto  |b txt  |2 rdacontenido 
337 |a sin mediación  |b n  |2 rdamedio 
338 |a volumen  |b nc  |2 rdasoporte 
649 |a XX 
650 |a Catálogo 
650 |a Carreras 
650 |a Institutos tecnológicos 
650 |a Universidades 
910 |a Fondo Centro de Estudios Educativos 
920 |a Impresos - Libros 
930 |a Fondos Especiales 
905 |a 133 
901 |a ALE038906  |b IT2  |c CEE  |u 20250521 
902 |a https://opac.biblio.iteso.mx/vufind/Record/000495453